000 00423nmm a2200145Ia 4500
008 251105s9999||||xx |||||||||||||||||und||
041 _aspa
100 _aValdez Cornejo, Ricardo
245 0 _aMisiones de fuego
264 _a[Madrid, España] :
_bMedinaliber Hispánica,
_c2020
300 _a0 páginas
650 _aLatin American narrative
856 _uhttps://public.digitaliapublishing.com/a/100047
942 _cCF
999 _c106713
_d106713